Statistics for World Geography

Click here to take the quiz!

General Stats

  • This quiz has been taken 44 times
  • The average score is 12 of 15

Answer Stats

Answer% Correct
Pacific Ocean
94%
Latin America
91%
Indian Ocean
86%
East Africa
83%
Mesoamerica
83%
North Africa
83%
West Africa
83%
Atlantic Ocean
80%
Central Africa
80%
Middle East
80%
Southern Africa
77%
East Asia
71%
Caribbean
66%
Central Asia
66%
Southeast Asia
66%

Score Distribution

Percentile by Number Answered

Percent of People with Each Score

Your Score History

You have not taken this quiz